|
|
|
|
| LEADER |
01826nam a2200325 a 4500 |
| 001 |
13082042 |
| 008 |
091223s2002 bg b 001 0 eng D |
| 010 |
|
|
|a 2002288921
|
| 020 |
|
|
|a 9840516396
|
| 040 |
|
|
|a DLC
|c DLC
|d BD-DhAAL
|
| 082 |
0 |
0 |
|a 301.95492
|2 21
|
| 245 |
0 |
0 |
|a Contemporary anthropology :
|b theory and practice /
|c edited by S.M. Nurul Alam.
|
| 260 |
|
|
|a Dhaka :
|b University Press,
|c 2002.
|
| 300 |
|
|
|a xvi, 488 p. ;
|c 22 cm.
|
| 500 |
|
|
|a "Jahangirnagar University."
|
| 520 |
|
|
|a Contributed articles with reference to Bangladesh.
|
| 504 |
|
|
|a Includes bibliographical references and index.
|
| 541 |
1 |
|
|e 00012811
|
| 650 |
|
0 |
|a Anthropology
|z Bangladesh.
|
| 650 |
|
0 |
|a Ethnology
|z Bangladesh
|
| 651 |
|
0 |
|a Bangladesh
|x Social life and customs.
|
| 700 |
1 |
|
|a Nurul Alam, S. M.
|
| 710 |
2 |
|
|a Jāhāṅgiranagara Biśvabidyālaẏa.
|
| 852 |
4 |
|
|a Ayesha Abed Library
|j General shelf
|
| 999 |
|
|
|c 6364
|d 6364
|
| 952 |
|
|
|0 0
|1 0
|2 ddc
|4 0
|6 301_954920000000000_CON
|7 0
|9 6421
|a BRACUL
|b BRACUL
|c GEN
|d 2009-12-23
|g 0.00
|l 4
|m 31
|o 301.95492 CON
|p 3010012811
|r 2022-10-24
|s 2022-04-13
|t 1
|w 2009-12-23
|y BK
|x No price found in the accession register.
|
| 952 |
|
|
|0 0
|1 0
|2 ddc
|4 0
|6 301_954920000000000_CON
|7 0
|9 7140
|a BRACUL
|b BRACUL
|c GEN
|d 2010-01-13
|l 3
|o 301.95492 CON
|p 3010012812
|r 2019-07-02
|s 2019-03-04
|t 2
|w 2010-01-13
|y BK
|x Price not available in Register
|
| 952 |
|
|
|0 0
|1 0
|2 ddc
|4 0
|6 301_954920000000000_CON
|7 0
|9 20499
|a JPGSPH
|b JPGSPH
|c GEN
|d 2012-06-14
|l 0
|o 301.95492 CON
|p 3060025386
|r 2012-06-14
|t 3
|w 2012-06-14
|y BK
|
| 952 |
|
|
|0 0
|1 0
|2 ddc
|4 0
|6 301_954920000000000_CON
|7 0
|9 24243
|a SCL
|b SCL
|c GEN
|d 2005-02-13
|g 600.00
|l 1
|m 2
|o 301.95492 CON
|p 3020005210
|r 2025-09-16
|s 2025-08-31
|t 4
|w 2014-04-28
|y BK
|
| 952 |
|
|
|0 0
|1 0
|2 ddc
|4 0
|6 301_954920000000000_CON
|7 0
|9 24256
|a SCL
|b SCL
|c GEN
|d 2005-02-13
|g 600.00
|l 0
|o 301.95492 CON
|p 3020005209
|r 2014-04-28
|t 5
|w 2014-04-28
|y BK
|